书目信息 |
| 题名: |
旅游滑雪指南图册
|
|
| 作者: | ;地质出版社地图编辑室 编 | |
| 分册: | ||
| 出版信息: | 北京 地质出版社 2000 |
|
| 页数: | 99页 | |
| 开本: | 20cm | |
| 丛书名: | ||
| 单 册: | ||
| 中图分类: | G863.1 | |
| 科图分类: | ||
| 主题词: | 高山滑雪--基本知识 , 高山滑雪 | |
| 电子资源: | ||
| ISBN: | 7-116-03218-5 | |
| 000 | 00847nam0 2200253 45 | |
| 001 | 0120050111837 | |
| 005 | 20070104092235.57 | |
| 010 | @a7-116-03218-5@dCNY20.00 | |
| 092 | @aCN@b100868 | |
| 100 | @a20051118d2000 em y0chiy0110 ea | |
| 101 | 0 | @achi |
| 102 | @aCN@b110000 | |
| 105 | @aa z 000yy | |
| 200 | 1 | @a旅游滑雪指南图册@Alu^ you hua xue zhi nan tu ce@f地质出版社地图编辑室编@Fdi zhi chu ban she di tu bian ji shi bian |
| 210 | @a北京@c地质出版社@d2000 | |
| 215 | @a99页@d20cm | |
| 300 | @a时尚休闲运动 | |
| 330 | @a本书对滑雪运动的历史、滑雪运动的种类、滑雪器具等常识、中国主要滑雪场、滑雪技术作了介绍。 | |
| 606 | 0 | @a高山滑雪@x基本知识 |
| 606 | 0 | @a高山滑雪 |
| 690 | @aG863.1@v4 | |
| 711 | 02 | @a地质出版社地图编辑室@Adi zhi chu ban she di tu bian ji shi@4编 |
| 801 | 0 | @aCN@bLZJBOOK@c20070104 |
| 905 | @a10447@dG863.1@e56 | |
| 旅游滑雪指南图册/地质出版社地图编辑室编.-北京:地质出版社,2000 |
| 99页;20cm |
| 时尚休闲运动 |
| ISBN 7-116-03218-5:CNY20.00 |
| 本书对滑雪运动的历史、滑雪运动的种类、滑雪器具等常识、中国主要滑雪场、滑雪技术作了介绍。 |
| ● |
| 相关链接 |
|
|
|
|
正题名:旅游滑雪指南图册
索取号:G863.1/56
 
预约/预借
| 序号 | 登录号 | 条形码 | 馆藏地/架位号 | 状态 | 备注 |
| 1 | 0554984 | 205549842 | 第一样本阅览室/ [索取号:G863.1/56] | 在馆 | |
| 2 | 0554985 | 205549851 | 第四借阅区/ [索取号:G863.1/56] | 在馆 | |
| 3 | 0554986 | 205549860 | 第四借阅区/ [索取号:G863.1/56] | 在馆 | |
| 4 | 0554987 | 205549879 | 第四借阅区/ [索取号:G863.1/56] | 在馆 | |
| 5 | 0554988 | 205549888 | 第四借阅区/ [索取号:G863.1/56] | 在馆 | |
| 6 | 0554989 | 205549897 | 第四借阅区/ [索取号:G863.1/56] | 在馆 |